| 000 | 01031aam a2200277 a 4500 | ||
|---|---|---|---|
| 003 | BLK | ||
| 005 | 20250724104741.0 | ||
| 008 | 180718b bul||||| |||| 00| 0 bul d | ||
| 020 | _a9789543897636 | ||
| 040 | _aBLK | ||
| 041 |
_aBUL _cBUL |
||
| 080 |
_aАмериканска литература (на САЩ) _b821.111(73) _z821.111(73)-312.4 _x-312.4 |
||
| 100 |
_aДивър, Джефри Уилдс _eпърви автор _9257300 |
||
| 139 |
_aДивър, Джефри Уилдс _bД 53 |
||
| 245 |
_aРъката на Часовникаря _cДжефри Дивър; прев. от англ. Мариана Христова |
||
| 257 | _aUSA | ||
| 260 |
_bЕра _c2023 _aСофия |
||
| 300 |
_a368 с. _c20 см |
||
| 380 | _aX | ||
| 490 |
_9201572 _aЕратрилър |
||
| 700 |
_aХристова, Мариана Тошкова _d1981- _9381272 |
||
| 942 |
_cKNG _2udc _n0 _0149 _s1 |
||
| 999 |
_c502818 _d502818 |
||
| 999 | _d442265 | ||
| 999 | _d442265 | ||
| 944 |
_a30545 _cНора Радева _k30531 _lЦветелина Шанова |
||